Propuesta de integración de procedimientos de bioseguridad para el diagnóstico de carbunclo bacteriano en Chile

En el presente trabajo se hace referencia a la Bioseguridad como enfoque general y no al detalle de cada sistema de calidad o control documental del proceso. Además el sistema HACCP al cual se hace mención, está referido como sugerencia de aplicación, no siendo la implementación de dicho si...

Descripción completa

Detalles Bibliográficos
Autor principal: Valdés Godoy, Cecilia
Otros Autores: Ilabaca Marileo, Mauricio (profesor guía)
Formato: Tesis
Lenguaje:español
Publicado: Santiago, Chile : Universidad Academia de Humanismo Cristiano 2010.
Materias:

MARC

LEADER 00000nmm a22000007a 4500
001 043855
003 UAHC_CL
005 20221226144550.0
008 101118s2010 cl o d 000 spa
040 |a UAHC_CL  |c UAHC_CL  |d UAHC_CL 
100 1 |a Valdés Godoy, Cecilia 
245 1 0 |a Propuesta de integración de procedimientos de bioseguridad para el diagnóstico de carbunclo bacteriano en Chile   |c Cecilia Valdés Godoy ; Mauricio Ilabaca Marileo. 
260 |b Universidad Academia de Humanismo Cristiano  |c 2010.  |a Santiago, Chile : 
300 |a 69 páginas. 
500 |a Tesis para optar al título de Ingeniero/a de Ejecución en Gestión Ambiental. 
502 |a Tesis (Ingeniería de Ejecución en Gestión Ambiental) -- Universidad Academia de Humanismo Cristiano, 2010. 
516 |a Tesis electrónica (PDF). Solicitar envío de documento a biblioteca@academia.cl 
520 |a En el presente trabajo se hace referencia a la Bioseguridad como enfoque general y no al detalle de cada sistema de calidad o control documental del proceso. Además el sistema HACCP al cual se hace mención, está referido como sugerencia de aplicación, no siendo la implementación de dicho sistema el objetivo de este trabajo. Para la síntesis del tema, se eligió el Bacillus Anthracis, por ser un microorganismo que, si bien no ha causado pandemias* ni otras situaciones extremas, podría en un futuro próximo ser un gran riesgo para la población, por las influencias del cambio climático sobre él.  
650 4 |a Bioseguridad 
700 1 |a Ilabaca Marileo, Mauricio  |e profesor guía 
900 |a TIEGA 74 
942 |c TS  |2 ddc 
952 |0 0  |1 0  |4 0  |6 TIEGA_74_000000000000000  |7 0  |8 COMP  |9 81461  |a BC  |b BC  |c Digital  |d 2017-08-03  |o TIEGA 74  |r 2019-01-08 00:00:00  |w 2017-08-03  |y TS  |z Documento en PDF  |B IEGA 
999 |c 43855  |d 43855